[Event "World Championship (rapid) 2015"]
[Site "Berlin GER"]
[Date "2015.10.12"]
[Round "13"]
[White "Kasimdzhanov, Rustam"]
[Black "Mamedov, Rauf"]
[Result "1/2-1/2"]
[WhiteElo "2704"]
[BlackElo "2657"]
[PlyCount "99"]
[EventDate "2015.10.10"]

1. e4 c5 2. Nf3 d6 3. d4 Nf6 4. Nc3 cxd4 5. Nxd4 g6 6. Be2 Bg7 7. O-O O-O 8.
Re1 Nc6 9. Nb3 a6 10. Bf1 b5 11. Nd5 Nd7 12. c3 e6 13. Ne3 Qe7 14. a4 bxa4 15.
Rxa4 Nb6 16. Ra3 Bb7 17. Nc2 Qc7 18. Bg5 h6 19. Bh4 Rfe8 20. Bg3 Ne5 21. Na5
Nbc4 22. Nxc4 Nxc4 23. Ra2 Rad8 24. h3 Qc8 25. Nb4 a5 26. Nc2 d5 27. e5 Qc7 28.
Qd4 Bf8 29. b3 Nb6 30. Rxa5 Rc8 31. Ra7 Ra8 32. Rea1 Rxa7 33. Rxa7 Nc8 34. Ra2
Ne7 35. Ne3 h5 36. Bb5 Rc8 37. Ra7 Qb8 38. Qb6 Bc6 39. Qxb8 Rxb8 40. Bxc6 Nxc6
41. Rc7 Na5 42. b4 Nb3 43. Nc2 Ra8 44. b5 Rb8 45. Bh4 Bg7 46. Bf6 Rxb5 47. Rc8+
Kh7 48. Rc7 Kg8 49. Rc8+ Kh7 50. Rc7 1/2-1/2

[Event "World Championship (rapid) 2015"]
[Site "Berlin GER"]
[Date "2015.10.12"]
[Round "13"]
[White "Dubov, Daniil"]
[Black "Grischuk, Alexander"]
[Result "1-0"]
[WhiteElo "2661"]
[BlackElo "2774"]
[PlyCount "159"]
[EventDate "2015.10.10"]

1. Nf3 c5 2. c4 Nc6 3. d4 cxd4 4. Nxd4 e6 5. Nc3 Nf6 6. g3 Qb6 7. Nb3 Ne5 8.
Bg2 Nxc4 9. O-O Be7 10. e4 d6 11. Qe2 Ne5 12. Be3 Qd8 13. Rad1 Bd7 14. h3 Rc8
15. f4 Nc4 16. Bxa7 e5 17. Bf2 O-O 18. a4 Na5 19. Nd2 Re8 20. g4 g6 21. f5 g5
22. h4 h6 23. hxg5 hxg5 24. Be3 Nc6 25. Nb3 Nd4 26. Nxd4 exd4 27. Rxd4 Qa5 28.
Bxg5 Qe5 29. Be3 Bd8 30. g5 Nh7 31. f6 Be6 32. Nd5 Qg3 33. Rd3 Nxg5 34. Bxg5
Qxg5 35. Qf2 Kf8 36. Rg3 Qh6 37. Ne7 Bxe7 38. fxe7+ Kxe7 39. Qb6 Rc1 40. Qxb7+
Kf8 41. Qb4 Rxf1+ 42. Bxf1 Qf4 43. Qe1 Rb8 44. Qe3 Qxe3+ 45. Rxe3 Rxb2 46. Ra3
Ke7 47. a5 Rb7 48. a6 Ra7 49. Ra5 Kd7 50. Kf2 Kc6 51. Ke3 Kb6 52. Ra1 Bc8 53.
Rb1+ Ka5 54. Ra1+ Kb6 55. Rd1 Bxa6 56. Rxd6+ Kb7 57. Rf6 Bxf1 58. Rxf7+ Kb6 59.
Rxf1 Re7 60. Rc1 Re8 61. Kf4 Rf8+ 62. Ke5 Re8+ 63. Kf5 Rf8+ 64. Ke6 Re8+ 65.
Kf5 Rf8+ 66. Kg6 Re8 67. Re1 Kc7 68. Kf7 Re5 69. Kf6 Rh5 70. Rd1 Rh6+ 71. Kg5
Re6 72. Kf5 Rh6 73. e5 Rh5+ 74. Kf6 Rh6+ 75. Kf7 Rh7+ 76. Kg6 Re7 77. Kf6 Rh7
78. e6 Rh6+ 79. Kf7 Rh7+ 80. Kg6 1-0

[Event "World Championship (rapid) 2015"]
[Site "Berlin GER"]
[Date "2015.10.12"]
[Round "13"]
[White "Aronian, Levon"]
[Black "Volokitin, Andrei"]
[Result "0-1"]
[WhiteElo "2784"]
[BlackElo "2639"]
[PlyCount "84"]
[EventDate "2015.10.10"]

1. d4 Nf6 2. c4 g6 3. f3 d5 4. cxd5 Nxd5 5. e4 Nb6 6. Nc3 Bg7 7. Be3 O-O 8. Qd2
Nc6 9. O-O-O Qd6 10. Kb1 Rd8 11. Nb5 Qd7 12. d5 a6 13. Nc3 Na5 14. Bd4 e5 15.
Bf2 Nbc4 16. Qc1 b5 17. h4 b4 18. Bxc4 Nxc4 19. Nce2 Qb5 20. h5 c6 21. hxg6
hxg6 22. Qg5 Be6 23. f4 b3 24. a4 Na3+ 25. Kc1 Qc4+ 26. Nc3 cxd5 27. Nf3 Rdc8
28. Kd2 dxe4 29. Nxe5 Bxe5 30. Bb6 Bg7 31. Qh4 Qb4 32. Bg1 e3+ 33. Ke2 Nc2 34.
g4 Nd4+ 35. Kxe3 Qc5 36. Qh7+ Kf8 37. Ne4 Qc2 38. Rd2 Qc4 39. Kf2 Bxg4 40. Ng5
Nf5 41. Kg2 Rd8 42. Rf2 Rd3 0-1

[Event "World Championship (rapid) 2015"]
[Site "Berlin GER"]
[Date "2015.10.12"]
[Round "13"]
[White "Kovalev, Vladislav"]
[Black "Karjakin, Sergey"]
[Result "0-1"]
[WhiteElo "2546"]
[BlackElo "2762"]
[PlyCount "119"]
[EventDate "2015.10.10"]

1. d4 Nf6 2. Nc3 d5 3. Bf4 g6 4. Qd2 Bg7 5. Bh6 O-O 6. Bxg7 Kxg7 7. e3 c5 8.
dxc5 Qa5 9. Ne4 Qxd2+ 10. Nxd2 Bf5 11. Bd3 Nbd7 12. Nb3 Rfc8 13. Bxf5 gxf5 14.
Nd4 e6 15. b4 a5 16. c3 axb4 17. cxb4 Ne5 18. Ke2 Ra4 19. a3 Rca8 20. Ngf3 Nc4
21. Nb5 Nxa3 22. Nxa3 Rxa3 23. Rxa3 Rxa3 24. Nd2 Ra2 25. f3 Nd7 26. Kd3 Ra3+
27. Ke2 Ne5 28. Rc1 Ra2 29. Kd1 Rb2 30. Rb1 Rxb1+ 31. Nxb1 Nd3 32. Kd2 Nxb4 33.
Kc3 Na6 34. Kd4 Kf6 35. Na3 Nc7 36. f4 Ke7 37. Kc3 Kd7 38. Nc2 Kc6 39. Kd4 f6
40. Nb4+ Kb5 41. Nd3 Na6 42. h3 h5 43. Nf2 Nb4 44. g4 Nc6+ 45. Kc3 fxg4 46.
hxg4 hxg4 47. Nxg4 f5 48. Nh2 Kxc5 49. Nf3 d4+ 50. exd4+ Kd5 51. Kd3 b6 52. Nd2
Nxd4 53. Nc4 b5 54. Nb6+ Kc6 55. Nc8 Kc5 56. Ne7 Nc6 57. Ng6 Nb4+ 58. Ke3 Nd5+
59. Kf3 b4 60. Nf8 0-1

[Event "World Championship (rapid) 2015"]
[Site "Berlin GER"]
[Date "2015.10.12"]
[Round "13"]
[White "Anand, Viswanathan"]
[Black "Bartel, Mateusz"]
[Result "1-0"]
[WhiteElo "2803"]
[BlackElo "2622"]
[PlyCount "91"]
[EventDate "2015.10.10"]

1. e4 e6 2. d4 d5 3. Nd2 c5 4. Ngf3 cxd4 5. Nxd4 Nc6 6. Bb5 Bd7 7. Nxc6 Bxc6 8.
Bxc6+ bxc6 9. c4 Nf6 10. Qa4 Qd7 11. e5 Ng4 12. Nf3 f6 13. exf6 gxf6 14. cxd5
exd5 15. O-O Bd6 16. Bf4 c5 17. Rfe1+ Be7 18. Rxe7+ Kxe7 19. Re1+ Ne5 20. Qc2
Rhe8 21. Bxe5 fxe5 22. Nxe5 Kd6 23. f4 Qg7 24. b4 c4 25. Qc3 Qc7 26. Kh1 Rac8
27. Rd1 Qb6 28. Qxc4 Rxc4 29. Nxc4+ Kc6 30. Nxb6 axb6 31. Kg1 Re4 32. f5 Rxb4
33. f6 Kd7 34. Re1 Rf4 35. Rf1 Rxf1+ 36. Kxf1 Ke6 37. Ke2 Kxf6 38. Ke3 Ke5 39.
a4 h5 40. g3 d4+ 41. Kd3 Kd5 42. h3 Ke5 43. g4 h4 44. g5 Kf5 45. Kxd4 Kxg5 46.
Ke5 1-0

[Event "World Championship (rapid) 2015"]
[Site "Berlin GER"]
[Date "2015.10.12"]
[Round "13"]
[White "Bacrot, Etienne"]
[Black "Adhiban, Baskaran"]
[Result "1/2-1/2"]
[WhiteElo "2697"]
[BlackElo "2674"]
[PlyCount "126"]
[EventDate "2015.10.10"]

1. Nf3 Nf6 2. c4 g6 3. b3 Bg7 4. Bb2 O-O 5. g3 d6 6. Bg2 e5 7. d3 Nc6 8. O-O
Nh5 9. Nc3 f5 10. Rc1 g5 11. Nd2 g4 12. c5 Be6 13. cxd6 cxd6 14. Nd5 f4 15. Bh1
Nf6 16. Nxf6+ Rxf6 17. d4 exd4 18. b4 fxg3 19. hxg3 Rh6 20. Bg2 Qg5 21. Re1 Rf8
22. Nf1 Bd5 23. e4 Be6 24. Rc2 d3 25. Rxc6 bxc6 26. Bxg7 Qxg7 27. Qxd3 Qb2 28.
Re2 Qxb4 29. Ne3 Qb5 30. Qc2 Rb8 31. Re1 Rf6 32. Qd1 Qc5 33. Nxg4 Bxg4 34.
Qxg4+ Kh8 35. Rf1 Rg8 36. Qh4 Rfg6 37. Kh2 Qd4 38. Bh3 Qg7 39. Kg2 Qb2 40. Kg1
Qd4 41. Kg2 Qd2 42. Kf3 Qd3+ 43. Kg2 Qd2 44. Kf3 Rf8+ 45. Bf5 Rg7 46. Qf4 Qd3+
47. Kg2 d5 48. Qd6 Rfg8 49. Qe5 dxe4 50. Bxe4 Qd7 51. Rh1 Rf8 52. Rxh7+ Kg8 53.
Rh4 Qd2 54. Bh7+ Rxh7 55. Rg4+ Kf7 56. Rf4+ Kg8 57. Qe6+ Rhf7 58. Qg6+ Rg7 59.
Qe6+ Rgf7 60. Rg4+ Kh8 61. Rh4+ Kg8 62. Rg4+ Kh8 63. Rh4+ Kg8 1/2-1/2

[Event "World Championship (rapid) 2015"]
[Site "Berlin GER"]
[Date "2015.10.12"]
[Round "13"]
[White "Safarli, Eltaj"]
[Black "Dreev, Aleksey"]
[Result "1/2-1/2"]
[WhiteElo "2657"]
[BlackElo "2644"]
[PlyCount "168"]
[EventDate "2015.10.10"]

1. e4 c6 2. d3 d5 3. Nd2 e5 4. Ngf3 Bd6 5. d4 exd4 6. exd5 Nf6 7. dxc6 Nxc6 8.
Be2 O-O 9. O-O Bc7 10. Nb3 Bb6 11. Bg5 h6 12. Bh4 g5 13. Bg3 Ne4 14. Bd3 Nxg3
15. fxg3 Be6 16. Qd2 a5 17. a4 Nb4 18. Kh1 Nxd3 19. Qxd3 Rc8 20. Nbd2 Qd5 21.
Ne4 f5 22. Ned2 Bf7 23. h4 Rfe8 24. hxg5 Re3 25. Qb5 Qxb5 26. axb5 hxg5 27.
Nxg5 Bg6 28. c3 Rxg3 29. Ndf3 dxc3 30. bxc3 Be3 31. Nh3 f4 32. Rxa5 Bd3 33. Re1
Kg7 34. b6 Rh8 35. Rg5+ Rxg5 36. Nfxg5 Kf6 37. Nf3 Be4 38. Kh2 Rc8 39. Nfg1 Kf5
40. Rf1 Bd3 41. Rf3 Rxc3 42. Nxf4 Be4 43. Nd5+ Bxf3 44. Nxc3 Bc6 45. Nf3 Bxb6
46. Kg3 Be3 47. Nd1 Bc5 48. Nc3 b6 49. Nh4+ Ke6 50. Kf4 Bd4 51. Ne4 b5 52. Nf3
Bb6 53. Ned2 b4 54. g4 Bd5 55. Ng5+ Ke7 56. Ke5 Bg8 57. Nge4 Be3 58. Nf1 Bb6
59. Nfd2 b3 60. Nc3 Ba5 61. Kd4 b2 62. Ndb1 Bh7 63. Kc4 Bc2 64. Na3 Bh7 65. Kb3
Kf6 66. Kxb2 Kg5 67. Nc4 Bd8 68. Ne3 Kf4 69. Ned5+ Kxg4 70. Kb3 Kf5 71. Ne3+
Ke6 72. Kc4 Bg5 73. Ned5 Ke5 74. Nb4 Bg8+ 75. Kd3 Bh6 76. Nc6+ Kd6 77. Nd4 Bh7+
78. Kc4 Bg7 79. Ndb5+ Ke5 80. Nd4 Bg8+ 81. Kd3 Bh8 82. Nc6+ Kd6 83. Nd4 Kc5 84.
Ne4+ Kb6 1/2-1/2

[Event "World Championship (rapid) 2015"]
[Site "Berlin GER"]
[Date "2015.10.12"]
[Round "13"]
[White "Eljanov, Pavel"]
[Black "Swiercz, Dariusz"]
[Result "1-0"]
[WhiteElo "2717"]
[BlackElo "2620"]
[PlyCount "83"]
[EventDate "2015.10.10"]

1. d4 Nf6 2. Nf3 g6 3. Bg5 Bg7 4. c3 O-O 5. Nbd2 d6 6. e4 Qe8 7. Bd3 e5 8. O-O
h6 9. Bh4 Nh5 10. Re1 Nc6 11. d5 Ne7 12. a4 a6 13. Nc4 Nf4 14. Bf1 f5 15. g3
fxe4 16. Bxe7 Qxe7 17. gxf4 exf3 18. fxe5 dxe5 19. d6 Qg5+ 20. Kh1 Be6 21. dxc7
Rf4 22. Nb6 Raf8 23. Qd6 Qg4 24. Rad1 Kh7 25. Nd7 Bc4 26. Nxf8+ Rxf8 27. Qd7
Be6 28. Qd8 h5 29. Qe7 Rf7 30. Qc5 Rf5 31. h3 e4 32. c8=Q Rxc5 33. Qxc5 Qh4 34.
Qd6 Bxh3 35. Qh2 Be5 36. Qxh3 Qxf2 37. Rxe4 Bg3 38. Red4 h4 39. R4d2 Qe3 40.
Qg4 Kh6 41. Rd6 Bxd6 42. Rxd6 1-0

[Event "World Championship (rapid) 2015"]
[Site "Berlin GER"]
[Date "2015.10.12"]
[Round "13"]
[White "Rublevsky, Sergei"]
[Black "Bachmann, Axel"]
[Result "1-0"]
[WhiteElo "2702"]
[BlackElo "2593"]
[PlyCount "87"]
[EventDate "2015.10.10"]

1. e4 g6 2. d4 Bg7 3. Nc3 d6 4. Bg5 a6 5. Nf3 b5 6. Bd3 Bb7 7. O-O Nd7 8. a4 b4
9. Ne2 c5 10. c3 Ngf6 11. Ng3 h6 12. Bd2 bxc3 13. bxc3 cxd4 14. cxd4 O-O 15.
Rb1 Rb8 16. Qe2 e5 17. dxe5 dxe5 18. Bb4 a5 19. Bd6 Ba8 20. Rxb8 Nxb8 21. Bxf8
Bxf8 22. Nxe5 Qe8 23. f4 Nc6 24. Bb5 Nd4 25. Bxe8 Nxe2+ 26. Nxe2 Nxe8 27. Nc3
Bb4 28. Nd5 Bc5+ 29. Kh1 Nd6 30. Nf6+ Kg7 31. Ned7 Be3 32. Nd5 Ba7 33. N7b6
Bxd5 34. Nxd5 Nxe4 35. g3 Nc5 36. Nc3 Nd3 37. Kg2 Bc5 38. f5 g5 39. Nd5 Nb2 40.
Rc1 Bd4 41. Rc6 h5 42. Kf3 Be5 43. f6+ Kg6 44. Ke4 1-0

[Event "World Championship (rapid) 2015"]
[Site "Berlin GER"]
[Date "2015.10.12"]
[Round "13"]
[White "Antipov, Mikhail Al"]
[Black "Navara, David"]
[Result "0-1"]
[WhiteElo "2569"]
[BlackElo "2734"]
[PlyCount "78"]
[EventDate "2015.10.10"]

1. e4 c5 2. Nf3 d6 3. d4 cxd4 4. Nxd4 Nf6 5. Nc3 a6 6. Be3 Ng4 7. Bc1 Nf6 8.
Be3 Ng4 9. Bc1 Nc6 10. h3 Nf6 11. g4 h6 12. Bg2 e6 13. Be3 Be7 14. Qe2 Nxd4 15.
Bxd4 e5 16. Be3 Be6 17. f4 exf4 18. Bxf4 Rc8 19. O-O-O Rxc3 20. bxc3 Qa5 21. e5
dxe5 22. Qxe5 Qa3+ 23. Kd2 O-O 24. Bxb7 Re8 25. Rhg1 Bc5 26. g5 Bd5 27. Qxe8+
Nxe8 28. Bxd5 Bxg1 29. g6 Qc5 30. gxf7+ Kf8 31. fxe8=Q+ Kxe8 32. Kc1 Qxc3 33.
Rd3 Qe1+ 34. Rd1 Be3+ 35. Bxe3 Qxe3+ 36. Kb2 Qxh3 37. Re1+ Kd7 38. Bc4 Qf3 39.
Re6 Qg4 0-1

[Event "World Championship (rapid) 2015"]
[Site "Berlin GER"]
[Date "2015.10.12"]
[Round "13"]
[White "Leko, Peter"]
[Black "Lagno, Kateryna"]
[Result "1/2-1/2"]
[WhiteElo "2707"]
[BlackElo "2523"]
[PlyCount "185"]
[EventDate "2015.10.10"]

1. e4 e5 2. Nf3 Nc6 3. Bb5 a6 4. Ba4 Nf6 5. O-O Be7 6. d3 b5 7. Bb3 d6 8. a4 b4
9. Nbd2 O-O 10. a5 Be6 11. Bxe6 fxe6 12. c3 bxc3 13. bxc3 d5 14. Qa4 Qd7 15.
Ba3 Bd6 16. Bxd6 Qxd6 17. Qa3 Qxa3 18. Rxa3 Rab8 19. Re1 Rfe8 20. h3 h6 21.
exd5 exd5 22. c4 e4 23. cxd5 Nb4 24. Nxe4 Nfxd5 25. Rb3 Nc6 26. Rxb8 Rxb8 27.
Nc5 Rb5 28. Nxa6 Rxa5 29. Nb8 Nxb8 30. Re8+ Kf7 31. Rxb8 Nf4 32. d4 c5 33. Ne5+
Ke6 34. Re8+ Kd5 35. dxc5 Rxc5 36. Ng4 Ne6 37. Re7 Kd6 38. Rf7 Rc7 39. Rf3 Ng5
40. Re3 Re7 41. Rd3+ Ke6 42. h4 Ne4 43. g3 h5 44. Nh2 Ra7 45. Re3 Kf5 46. Rf3+
Ke6 47. Rf4 Nf6 48. Nf3 Kf7 49. Ng5+ Kg6 50. Rb4 Kf5 51. Kg2 Rd7 52. Rb5+ Rd5
53. Rb3 Rd7 54. Nh3 Kg6 55. Rb5 Rd2 56. Nf4+ Kh6 57. Kf3 Ra2 58. Rb6 Ra3+ 59.
Kg2 Ra2 60. Ne6 Kg6 61. Rb7 Ng4 62. Nf4+ Kh6 63. Rb6+ Kh7 64. Nh3 Nf6 65. Rb3
Kg6 66. Kf3 Rc2 67. Nf4+ Kh6 68. Rb6 Rc3+ 69. Kg2 Rc2 70. Nd5 Kg6 71. Kf3 Ra2
72. Ne3 Rd2 73. Rb5 Kh7 74. Ra5 Rd7 75. Ng2 Rd3+ 76. Ke2 Rd5 77. Rxd5 Nxd5 78.
Kf3 Nf6 79. Ne3 Kg6 80. Kf4 Kf7 81. Kf5 g6+ 82. Kf4 Nd7 83. Nc4 Nc5 84. Nd6+
Kg7 85. f3 Nd3+ 86. Ke4 Nf2+ 87. Ke3 Nd1+ 88. Kf4 Nf2 89. Ke3 Nd1+ 90. Kd4 Kf6
91. Ne4+ Kf5 92. Nd6+ Ke6 93. Nc4 1/2-1/2

[Event "World Championship (rapid) 2015"]
[Site "Berlin GER"]
[Date "2015.10.12"]
[Round "13"]
[White "Morozevich, Alexander"]
[Black "Olafsson, Helgi"]
[Result "1-0"]
[WhiteElo "2711"]
[BlackElo "2549"]
[PlyCount "101"]
[EventDate "2015.10.10"]

1. e4 d5 2. exd5 Qxd5 3. Nf3 Nf6 4. d4 Bg4 5. Be2 c6 6. c4 Qd6 7. Qb3 Qc7 8. h3
Bxf3 9. Bxf3 Nbd7 10. Nc3 e6 11. g3 Bd6 12. c5 Be7 13. Bf4 Qc8 14. O-O-O O-O
15. Rhe1 b6 16. Qa4 Nd5 17. Nxd5 cxd5 18. c6 g5 19. Kb1 gxf4 20. cxd7 Qb7 21.
gxf4 b5 22. Qb3 Qxd7 23. f5 Kh8 24. fxe6 fxe6 25. Bg4 Rf6 26. Qe3 Raf8 27. Bxe6
Qd6 28. Bxd5 Qxd5 29. Qxe7 Rxf2 30. Ka1 a6 31. a3 Qb3 32. Qe5+ R8f6 33. d5 b4
34. Rc1 h6 35. Re3 Qa4 36. Rc8+ Kh7 37. Qe4+ R6f5 38. Rc7+ Kh8 39. Qe8+ Qxe8
40. Rxe8+ Rf8 41. Rxf8+ Rxf8 42. axb4 Rd8 43. Rc5 Kg7 44. Ka2 Kf6 45. Kb3 Ke5
46. Rc6 h5 47. Kc4 Kf4 48. d6 Kg3 49. Kd5 Kxh3 50. Ke6 h4 51. d7 1-0

[Event "World Championship (rapid) 2015"]
[Site "Berlin GER"]
[Date "2015.10.12"]
[Round "13"]
[White "Stern, Rene"]
[Black "Iturrizaga Bonelli, Eduardo"]
[Result "0-1"]
[WhiteElo "2538"]
[BlackElo "2641"]
[PlyCount "56"]
[EventDate "2015.10.10"]

1. d4 Nf6 2. c4 b6 3. Nc3 Bb7 4. Nf3 e6 5. e3 g6 6. Be2 Bg7 7. O-O O-O 8. b3
Qe7 9. Bb2 d6 10. Nd2 c5 11. dxc5 bxc5 12. Bf3 Nc6 13. Rb1 Rad8 14. Nce4 Nxe4
15. Bxe4 d5 16. Bxg7 Kxg7 17. cxd5 exd5 18. Bf3 Ne5 19. Rc1 Rd7 20. Qc2 Rc8 21.
Rfd1 Ba6 22. Re1 d4 23. exd4 cxd4 24. Qb1 Rc3 25. Bg4 Rdc7 26. Rxc3 dxc3 27.
Nf3 c2 28. Qc1 Nxf3+ 0-1

[Event "World Championship (rapid) 2015"]
[Site "Berlin GER"]
[Date "2015.10.12"]
[Round "14"]
[White "Dominguez Perez, Leinier"]
[Black "Zhigalko, Sergei"]
[Result "1-0"]
[WhiteElo "2732"]
[BlackElo "2656"]
[PlyCount "81"]
[EventDate "2015.10.10"]

1. e4 c5 2. Nf3 Nc6 3. d4 cxd4 4. Nxd4 Nf6 5. Nc3 e5 6. Ndb5 d6 7. Bg5 a6 8.
Na3 b5 9. Nd5 Be7 10. Bxf6 Bxf6 11. c3 Bg5 12. Nc2 Ne7 13. h4 Bh6 14. Ncb4 O-O
15. a4 bxa4 16. Qxa4 a5 17. Bb5 Nxd5 18. Nxd5 Be6 19. Bc6 Rb8 20. b4 axb4 21.
cxb4 Kh8 22. b5 Bxd5 23. Bxd5 Qb6 24. Rh3 Qxb5 25. Qxb5 Rxb5 26. g4 f6 27. Ra7
Rc8 28. Be6 Rc1+ 29. Ke2 Rb2+ 30. Kf3 Rb8 31. Kg2 Rc2 32. Rb3 Rf8 33. Kf3 Rd2
34. Rbb7 Rc2 35. Rf7 Re8 36. Bd5 Rc3+ 37. Kg2 Rcc8 38. g5 fxg5 39. hxg5 Bxg5
40. Rxg7 Re7 41. Rgxe7 1-0

[Event "World Championship (rapid) 2015"]
[Site "Berlin GER"]
[Date "2015.10.12"]
[Round "14"]
[White "Onischuk, Vladimir"]
[Black "Guseinov, Gadir"]
[Result "1/2-1/2"]
[WhiteElo "2612"]
[BlackElo "2634"]
[PlyCount "126"]
[EventDate "2015.10.10"]

1. e4 c5 2. Nf3 g6 3. d4 cxd4 4. Nxd4 Nc6 5. Nb3 Bg7 6. Be2 Nf6 7. Nc3 O-O 8.
O-O a5 9. a4 Nb4 10. Bg5 d5 11. exd5 h6 12. Bxf6 Bxf6 13. Bf3 Bf5 14. Rc1 Qb6
15. Be4 Bxc3 16. bxc3 Bxe4 17. cxb4 Qxb4 18. Re1 Bf5 19. c4 Rac8 20. Nd4 Bd7
21. Qd3 Bxa4 22. h4 h5 23. Re5 Bd7 24. Ne6 Bxe6 25. dxe6 f5 26. Rb5 Qd6 27.
Qxd6 exd6 28. Rxb7 Rfe8 29. Ra1 Rc5 30. Ra7 Re5 31. Rb1 R5xe6 32. Rbb7 Re1+ 33.
Kh2 R1e4 34. g3 R4e6 35. Kg2 Kf8 36. Rf7+ Kg8 37. Rg7+ Kh8 38. Rgd7 f4 39. gxf4
Rf6 40. Kg3 Kg8 41. Rxa5 Rc8 42. Ra4 Rcf8 43. Raa7 Rc8 44. Rg7+ Kf8 45. Rh7 Kg8
46. Rag7+ Kf8 47. Rb7 Kg8 48. Rbg7+ Kf8 49. Rh8+ Kxg7 50. Rxc8 Re6 51. f5 gxf5
52. Kf4 Re4+ 53. Kxf5 Rxh4 54. Rc7+ Kg8 55. f4 Rg4 56. Rd7 Rg1 57. Rxd6 h4 58.
Rh6 Rc1 59. Rxh4 Rxc4 60. Kg5 Rc6 61. f5 Ra6 62. f6 Ra1 63. Rg4 Kf7 1/2-1/2

[Event "World Championship (rapid) 2015"]
[Site "Berlin GER"]
[Date "2015.10.12"]
[Round "14"]
[White "Savchenko, Boris"]
[Black "Mamedyarov, Shakhriyar"]
[Result "0-1"]
[WhiteElo "2567"]
[BlackElo "2736"]
[PlyCount "97"]
[EventDate "2015.10.10"]

1. e4 e5 2. Nf3 Nc6 3. Bb5 Nf6 4. d3 d6 5. c3 Be7 6. Nbd2 O-O 7. Nf1 a6 8. Ba4
d5 9. Ng3 b5 10. exd5 Nxd5 11. Bb3 b4 12. Ba4 Bb7 13. Bxc6 Bxc6 14. Nxe5 Bb7
15. c4 Bf6 16. Ng4 Re8+ 17. Kf1 Nb6 18. Nh5 Bd4 19. h4 f5 20. Ne3 g6 21. Nf4
Qd6 22. Ne2 Bg7 23. d4 c5 24. d5 Re4 25. Ng3 Rd4 26. Qf3 Rf8 27. Ne2 Re4 28.
Rb1 Nxc4 29. Nxc4 Rxc4 30. Nf4 Be5 31. g3 Re8 32. Rh2 Re4 33. Qb3 c4 34. Qa4
Bxf4 35. Bxf4 Qxd5 36. Qc2 b3 37. axb3 cxb3 38. Qd2 Qc4+ 39. Kg1 Re2 40. Qd1
Qc2 41. Kf1 Bf3 42. h5 Qxd1+ 43. Rxd1 Rxb2 44. Rc1 Rc2 45. hxg6 hxg6 46. Rb1 b2
47. Rh6 Rd8 48. Rxg6+ Kf7 49. Rb6 0-1

[Event "World Championship (rapid) 2015"]
[Site "Berlin GER"]
[Date "2015.10.12"]
[Round "14"]
[White "Vachier-Lagrave, Maxime"]
[Black "Fedoseev, Vladimir3"]
[Result "1-0"]
[WhiteElo "2758"]
[BlackElo "2659"]
[PlyCount "81"]
[EventDate "2015.10.10"]

1. e4 e6 2. d4 d5 3. Nd2 c5 4. Ngf3 cxd4 5. Nxd4 Nf6 6. exd5 Nxd5 7. N2f3 Bb4+
8. Bd2 Bxd2+ 9. Qxd2 O-O 10. O-O-O Qb6 11. Bc4 Qc5 12. Bb3 a5 13. Rhe1 a4 14.
Bxd5 Qxd5 15. Kb1 Nd7 16. a3 Ra6 17. Qc3 Qc5 18. Rd3 Qxc3 19. Rxc3 Nf6 20. Rc4
Nd5 21. Rd1 f6 22. Nb5 Bd7 23. Nc7 Rc8 24. Nxd5 Rxc4 25. Ne7+ Kf8 26. Rxd7 Ke8
27. Rxb7 Rd6 28. b3 Rd1+ 29. Kb2 axb3 30. cxb3 Re4 31. Nc6 Re2+ 32. Kc3 e5 33.
Kb4 Rc2 34. Kb5 g5 35. b4 Rxf2 36. a4 g4 37. Nh4 Kf8 38. a5 e4 39. a6 Ra1 40.
Na5 Rb2 41. Nf5 1-0

[Event "World Championship (rapid) 2015"]
[Site "Berlin GER"]
[Date "2015.10.12"]
[Round "14"]
[White "Bocharov, Dmitry"]
[Black "Tomashevsky, Evgeny"]
[Result "1-0"]
[WhiteElo "2560"]
[BlackElo "2758"]
[PlyCount "61"]
[EventDate "2015.10.10"]

1. c4 c6 2. Nf3 d5 3. e3 Nf6 4. Nc3 a6 5. Be2 Bg4 6. Qb3 Ra7 7. h3 Bxf3 8. Bxf3
e6 9. d4 b5 10. cxd5 cxd5 11. O-O Nc6 12. Bd2 Na5 13. Qd1 Nc4 14. Bc1 Be7 15.
b3 Nd6 16. a4 b4 17. Ne2 O-O 18. Bb2 Qd7 19. Qd3 Rc8 20. Rfc1 a5 21. g3 g6 22.
Bg2 Rac7 23. Rxc7 Rxc7 24. Rc1 Qc8 25. f3 Nd7 26. Rxc7 Qxc7 27. e4 dxe4 28.
fxe4 e5 29. dxe5 Qc5+ 30. Bd4 Nxe5 31. Qd1 1-0

[Event "World Championship (rapid) 2015"]
[Site "Berlin GER"]
[Date "2015.10.12"]
[Round "14"]
[White "Riazantsev, Alexander"]
[Black "Malakhov, Vladimir"]
[Result "1/2-1/2"]
[WhiteElo "2646"]
[BlackElo "2694"]
[PlyCount "37"]
[EventDate "2015.10.10"]

1. d4 d5 2. c4 c6 3. Nc3 Nf6 4. Nf3 a6 5. e3 Bf5 6. Bd3 Bxd3 7. Qxd3 e6 8. O-O
Bb4 9. Bd2 O-O 10. Rfd1 Ba5 11. a4 Nbd7 12. b4 Bc7 13. cxd5 cxd5 14. a5 Ne8 15.
e4 dxe4 16. Nxe4 Nd6 17. Nc5 Nxc5 18. dxc5 Nb5 19. Qc2 1/2-1/2

[Event "World Championship (rapid) 2015"]
[Site "Berlin GER"]
[Date "2015.10.12"]
[Round "14"]
[White "Khismatullin, Denis"]
[Black "Kovalenko, Igor"]
[Result "1/2-1/2"]
[WhiteElo "2651"]
[BlackElo "2700"]
[PlyCount "55"]
[EventDate "2015.10.10"]

1. d4 e6 2. c4 Nf6 3. Nc3 Bb4 4. e3 c5 5. Bd3 Bxc3+ 6. bxc3 Nc6 7. Nf3 d6 8. e4
e5 9. d5 Ne7 10. Nh4 h6 11. Qf3 Bg4 12. Qe3 g5 13. f3 Bd7 14. Nf5 Nxf5 15. exf5
Qa5 16. Bd2 O-O-O 17. g4 Rde8 18. O-O e4 19. Bxe4 h5 20. Qxg5 Nxe4 21. fxe4
Rxe4 22. Qf6 Rxg4+ 23. Kh1 Qd8 24. Qxd6 Qf8 25. Qf6 Qd8 26. Qd6 Qf8 27. Qf6 Qd8
28. Qd6 1/2-1/2

[Event "World Championship (rapid) 2015"]
[Site "Berlin GER"]
[Date "2015.10.12"]
[Round "14"]
[White "Karjakin, Sergey"]
[Black "Dubov, Daniil"]
[Result "1-0"]
[WhiteElo "2762"]
[BlackElo "2661"]
[PlyCount "99"]
[EventDate "2015.10.10"]

1. e4 c5 2. Nf3 e6 3. d4 cxd4 4. Nxd4 Nc6 5. Nc3 Qc7 6. Be3 a6 7. Qf3 Nxd4 8.
Bxd4 b5 9. Qg3 Qxg3 10. hxg3 Bb7 11. f3 Ne7 12. O-O-O Nc6 13. Be3 h6 14. g4 Rg8
15. Kb1 Rc8 16. a4 b4 17. Na2 Be7 18. Rh5 f6 19. Nc1 d6 20. Nb3 Kf7 21. Bb6 Rh8
22. Be2 Rhe8 23. g3 Bd8 24. Be3 Bc7 25. f4 Ne7 26. Bd3 Bc6 27. Nd4 Bxa4 28.
Bxa6 Ra8 29. Bc4 d5 30. exd5 exd5 31. Rxd5 Nxd5 32. Bxd5+ Kg6 33. Bxa8 Rxa8 34.
Ne6 Rc8 35. b3 Bc6 36. Nxc7 Rxc7 37. Rd4 f5 38. Rc4 fxg4 39. Bd2 h5 40. Rc5 Rc8
41. Bxb4 h4 42. gxh4 Bd7 43. Rg5+ Kf7 44. f5 Kf6 45. Rxg4 Rxc2 46. Be7+ Ke5 47.
Rg5 Rc8 48. f6+ Bf5+ 49. Rxf5+ Kxf5 50. f7 1-0

[Event "World Championship (rapid) 2015"]
[Site "Berlin GER"]
[Date "2015.10.12"]
[Round "14"]
[White "Gelfand, Boris"]
[Black "Motylev, Alexander"]
[Result "1/2-1/2"]
[WhiteElo "2741"]
[BlackElo "2649"]
[PlyCount "86"]
[EventDate "2015.10.10"]

1. d4 d5 2. c4 c6 3. Nf3 Nf6 4. e3 Bf5 5. Nc3 a6 6. Ne5 Nbd7 7. Qb3 Qc7 8. cxd5
Nxe5 9. dxe5 Nxd5 10. Nxd5 cxd5 11. Bd2 e6 12. Rc1 Qd7 13. Be2 Be7 14. Ba5 Rc8
15. Rxc8+ Qxc8 16. Kd2 O-O 17. Rc1 Qa8 18. Qc3 f6 19. g4 Bg6 20. f4 Qe8 21. Bb4
Bxb4 22. Qxb4 fxe5 23. fxe5 Qd8 24. Qd6 Qe8 25. Rc7 Rf7 26. h4 h6 27. Rxf7 Kxf7
28. Qc7+ Qe7 29. Qxe7+ Kxe7 30. Kc3 Kd7 31. b4 Bb1 32. a4 g5 33. hxg5 hxg5 34.
a5 Kc6 35. b5+ axb5 36. Kb4 Be4 37. Bxb5+ Kc7 38. Be2 Kc6 39. Bd1 Bg6 40. Ba4+
Kc7 41. Kc5 Bd3 42. Bb5 Be4 43. Be2 Bg6 1/2-1/2

[Event "World Championship (rapid) 2015"]
[Site "Berlin GER"]
[Date "2015.10.12"]
[Round "14"]
[White "Svidler, Peter"]
[Black "Salem, A.R. Saleh"]
[Result "0-1"]
[WhiteElo "2727"]
[BlackElo "2624"]
[PlyCount "55"]
[EventDate "2015.10.10"]

1. Nf3 c5 2. g3 Nc6 3. Bg2 g6 4. c4 Bg7 5. O-O e6 6. Nc3 d6 7. a3 Nge7 8. b4
O-O 9. bxc5 dxc5 10. Bb2 b6 11. d3 Bb7 12. Qc1 Qd7 13. Ne4 e5 14. Bc3 Nf5 15.
Qb2 Nfd4 16. Rab1 Rab8 17. Rfe1 h6 18. a4 Ba8 19. Qa2 a5 20. Nxd4 exd4 21. Bb2
Nb4 22. Qb3 Bc6 23. Ra1 Rbe8 24. Nd2 Re6 25. Bxc6 Qxc6 26. Nf3 Rfe8 27. Qd1 g5
28. Bc1 0-1